000 00558nam a2200157 a 4500
001 000029778
005 20200930055811.0
008 091124s1982 dr 000 0 spa d
040 _aDO-SdBNP
_bspa
_cBNPHU
082 _axxxx
_bD611M
245 0 0 _aDiscurso del Lic. Nestor Contín Aybar, presidente de la Suprema Corte de Justica en el día del Poder Judiciall 7 enero de 1982 /.
260 _aSanto Domingo :
_bEditora del Caribe,
_c1982.
300 _a19 p. ;
_c22 cm.
710 1 _aSuprema Corte de Justica (República Dominicana )
_930686
049 _aBNPD
999 _c29270
_d29270